[Event "Stay Safe Play From Home 378"]
[Site "Emanuel Lasker Arena"]
[Date "2020.08.12"]
[Round "5"]
[White "Mepe_Nika"]
[Black "Saanvi 14"]
[Result "1-0"]
[WhiteElo "2349"]
[BlackElo "1431"]
[Annotator "NA"]
[PlyCount "103"]
[EventDate "2020.08.12"]
[EventType "swiss (blitz)"]

1. d4 {[%emt 0:00:01]} d5 {[%emt 0:00:02]} 2. Bf4 {[%emt 0:00:01]} Nf6 {[%emt 0:00:04]} 3. e3 {[%emt 0:00:01]} e6 {[%emt 0:00:07]} 4. c4 {[%emt 0:00:01]} dxc4 {[%emt 0:00:11]} 5. Bxc4 {[%emt 0:00:01]} Bd6 {[%emt 0:00:02]} 6. Ne2 {[%emt 0:00:03]} O-O {[%emt 0:00:06]} 7. O-O {[%emt 0:00:02]} Nbd7 {[%emt 0:00:05]} 8. Nbc3 {[%emt 0:00:01]} a6 {[%emt 0:00:08]} 9. Rc1 {[%emt 0:00:06]} b5 {[%emt 0:00:06]} 10. Bd3 {[%emt 0:00:00]} Bb7 {[%emt 0:00:01]} 11. Bb1 {[%emt 0:00:00]} Bxf4 {[%emt 0:00:13]} 12. Nxf4 {[%emt 0:00:01]} Qe7 {[%emt 0:00:08]} 13. Qc2 {[%emt 0:00:02]} Rac8 {[%emt 0:00:07]} 14. Rfd1 {[%emt 0:00:05]} c5 {[%emt 0:00:06]} 15. dxc5 {[%emt 0:00:01]} Nxc5 {[%emt 0:00:10]} 16. Nh5 {[%emt 0:00:03]} Nce4 {[%emt 0:00:13]} 17. Qe2 {[%emt 0:00:11]} Nxc3 {[%emt 0:00:08]} 18. Rxc3 {[%emt 0:00:01]} Rxc3 {[%emt 0:00:07]} 19. bxc3 {[%emt 0:00:00]} Nxh5 {[%emt 0:00:08]} 20. Qxh5 {[%emt 0:00:00]} g6 {[%emt 0:00:08]} 21. Qe5 {[%emt 0:00:11]} Rc8 {[%emt 0:00:07]} 22. h3 {[%emt 0:00:04]} Rc5 {[%emt 0:00:09]} 23. Qb8+ {[%emt 0:00:02]} Kg7 {[%emt 0:00:07]} 24. h4 {[%emt 0:00:13]} Rxc3 {[%emt 0:00:05]} 25. h5 {[%emt 0:00:01]} Qc7 {[%emt 0:00:08]} 26. h6+ {[%emt 0:00:04]} Kxh6 {[%emt 0:00:08]} 27. Qf8+ {[%emt 0:00:01]} Kg5 {[%emt 0:00:07]} 28. f4+ {[%emt 0:00:05]} Kh5 {[%emt 0:00:10]} 29. Qg7 {[%emt 0:00:39]} h6 {[%emt 0:00:13]} 30. Kh2 {[%emt 0:01:55]} Rc2 {[%emt 0:00:11]} 31. Bxc2 {[%emt 0:00:09]} Qxc2 {[%emt 0:00:05]} 32. Rg1 {[%emt 0:00:05]} Qf2 {[%emt 0:00:10]} 33. Qf6 {[%emt 0:00:09]} Kg4 {[%emt 0:00:31]} 34. Qd8 {[%emt 0:00:17] Mepe_Nika offers a draw Mepe_Nika offers a draw Mepe_Nika offers a draw} g5 {[%emt 0:00:09]} 35. Qd1+ {[%emt 0:00:03]} Kh4 {[%emt 0:00:05] Saanvi 14 offers a draw Saanvi 14 offers a draw Saanvi 14 offers a draw} 36. Qe1 {[%emt 0:00:04]} Qxe1 {[%emt 0:00:02]} 37. Rxe1 {[%emt 0:00:00]} gxf4 {[%emt 0:00:02]} 38. exf4 {[%emt 0:00:00]} Kg4 {[%emt 0:00:01]} 39. g3 {[%emt 0:00:01]} Bd5 {[%emt 0:00:00]} 40. a3 {[%emt 0:00:01]} f5 {[%emt 0:00:00]} 41. Rc1 {[%emt 0:00:03]} a5 {[%emt 0:00:00]} 42. Rb1 {[%emt 0:00:02]} Bc4 {[%emt 0:00:00]} 43. Rb2 {[%emt 0:00:01]} h5 {[%emt 0:00:01]} 44. Kg2 {[%emt 0:00:01]} h4 {[%emt 0:00:00]} 45. gxh4 {[%emt 0:00:00]} Kxh4 {[%emt 0:00:01]} 46. Kf3 {[%emt 0:00:00]} Kh5 {[%emt 0:00:00]} 47. Ke3 {[%emt 0:00:00]} Kg6 {[%emt 0:00:00]} 48. Kd4 {[%emt 0:00:01]} Kf6 {[%emt 0:00:02]} 49. a4 {[%emt 0:00:00]} Ke7 {[%emt 0:00:01]} 50. axb5 {[%emt 0:00:01]} Bxb5 {[%emt 0:00:00]} 51. Rxb5 {[%emt 0:00:01]} a4 {[%emt 0:00:00]} 52. Ke5 {[%emt 0:00:00] Time Time Time (Lag: Av=1.21s, max=2.1s) (Lag: Av=1.21s, max=2.1s) (Lag: Av=1.21s, max=2.1s) ' ' '} 1-0

[Event "Stay Safe Play From Home 378"]
[Site "Emanuel Lasker Arena"]
[Date "2020.08.12"]
[Round "5"]
[White "SelamiSahin"]
[Black "MihailoVujic"]
[Result "1-0"]
[WhiteElo "2199"]
[BlackElo "2153"]
[PlyCount "159"]
[EventDate "2020.08.12"]
[EventType "swiss (blitz)"]

{Yarar, Atakan} 1. e4 {[%emt 0:00:02]} e5 {[%emt 0:00:01]} 2. Nf3 {[%emt 0:00:01]} Nc6 {[%emt 0:00:00]} 3. Bc4 {[%emt 0:00:01]} Nf6 {[%emt 0:00:01]} 4. Ng5 {[%emt 0:00:02]} d5 {[%emt 0:00:01]} 5. exd5 {[%emt 0:00:01]} Nd4 {[%emt 0:00:01]} 6. c3 {[%emt 0:00:04]} b5 {[%emt 0:00:00]} 7. cxd4 {[%emt 0:00:06]} bxc4 {[%emt 0:00:01]} 8. dxe5 {[%emt 0:00:03]} Qxd5 {[%emt 0:00:00]} 9. O-O {[%emt 0:00:04]} Bb7 {[%emt 0:00:03]} 10. Nf3 {[%emt 0:00:06]} Nd7 {[%emt 0:00:02]} 11. Nc3 {[%emt 0:00:04]} Qc6 {[%emt 0:00:01]} 12. d4 {[%emt 0:00:07]} cxd3 {[%emt 0:00:02]} 13. Qxd3 {[%emt 0:00:01]} O-O-O {[%emt 0:00:01]} 14. Qf5 {[%emt 0:00:12]} g6 {[%emt 0:00:08]} 15. Qxf7 {[%emt 0:00:03]} Nxe5 {[%emt 0:00:04]} 16. Qf4 {[%emt 0:00:04]} Nxf3+ {[%emt 0:00:12]} 17. Qxf3 {[%emt 0:00:02]} Qxf3 {[%emt 0:00:01]} 18. gxf3 {[%emt 0:00:03]} Bxf3 {[%emt 0:00:00]} 19. Be3 {[%emt 0:00:12]} Kb7 {[%emt 0:00:12]} 20. Rac1 {[%emt 0:00:03]} Bd6 {[%emt 0:00:09]} 21. Nb5 {[%emt 0:00:03]} a6 {[%emt 0:00:09]} 22. Nxd6+ {[%emt 0:00:01]} Rxd6 {[%emt 0:00:01]} 23. Rc3 {[%emt 0:00:04]} Rf8 {[%emt 0:00:23]} 24. Rfc1 {[%emt 0:00:04]} Rf7 {[%emt 0:00:02]} 25. h4 {[%emt 0:00:04]} Rfd7 {[%emt 0:00:17]} 26. Kh2 {[%emt 0:00:04]} Rd1 {[%emt 0:00:16]} 27. Kg3 {[%emt 0:00:02]} Rxc1 {[%emt 0:00:02]} 28. Rxc1 {[%emt 0:00:00]} Bd5 {[%emt 0:00:02]} 29. a3 {[%emt 0:00:06]} c6 {[%emt 0:00:01]} 30. b4 {[%emt 0:00:07]} Rf7 {[%emt 0:00:01]} 31. Kg4 {[%emt 0:00:05]} Rf5 {[%emt 0:00:02]} 32. Rc5 {[%emt 0:00:04]} h5+ {[%emt 0:00:06]} 33. Kg3 {[%emt 0:00:01]} Rf3+ {[%emt 0:00:02]} 34. Kh2 {[%emt 0:00:01]} Kc7 {[%emt 0:00:07]} 35. a4 {[%emt 0:00:06]} Kd7 {[%emt 0:00:13]} 36. Ra5 {[%emt 0:00:04]} Bc4 {[%emt 0:00:12]} 37. Rc5 {[%emt 0:00:05]} Bb3 {[%emt 0:00:13]} 38. Ra5 {[%emt 0:00:03]} Bc4 {[%emt 0:00:02]} 39. Kg2 {[%emt 0:00:06]} Rf6 {[%emt 0:00:08]} 40. Kg3 {[%emt 0:00:05]} Re6 {[%emt 0:00:15]} 41. Kf4 {[%emt 0:00:02]} Ke7 {[%emt 0:00:08]} 42. Kg5 {[%emt 0:00:03]} Kf7 {[%emt 0:00:03]} 43. Rc5 {[%emt 0:00:05]} Bd3 {[%emt 0:00:06]} 44. Kh6 {[%emt 0:00:05]} Be4 {[%emt 0:00:12]} 45. Ra5 {[%emt 0:00:12]} Bd3 {[%emt 0:00:01]} 46. Rc5 {[%emt 0:00:10]} Re4 {[%emt 0:00:10]} 47. Rc3 {[%emt 0:00:07]} Bc4 {[%emt 0:00:06]} 48. f3 {[%emt 0:00:03]} Rxh4 {[%emt 0:00:04]} 49. Kg5 {[%emt 0:00:07]} Rh3 {[%emt 0:00:04]} 50. Rxc4 {[%emt 0:00:02]} Rxf3 {[%emt 0:00:01]} 51. Bb6 {[%emt 0:00:16]} Rf6 {[%emt 0:00:10]} 52. Re4 {[%emt 0:00:09]} Rd6 {[%emt 0:00:04]} 53. Bc5 {[%emt 0:00:04]} Rd5+ {[%emt 0:00:01]} 54. Kh6 {[%emt 0:00:02]} Kf6 {[%emt 0:00:02]} 55. Rf4+ {[%emt 0:00:10]} Ke5 {[%emt 0:00:01]} 56. Rf1 {[%emt 0:00:10]} h4 {[%emt 0:00:02]} 57. Kxg6 {[%emt 0:00:01]} h3 {[%emt 0:00:01]} 58. Rh1 {[%emt 0:00:03]} Rd3 {[%emt 0:00:01]} 59. Kg5 {[%emt 0:00:01]} Kd5 {[%emt 0:00:03]} 60. a5 {[%emt 0:00:01]} Ke4 {[%emt 0:00:01]} 61. Kg4 {[%emt 0:00:01]} Rc3 {[%emt 0:00:01]} 62. Rxh3 {[%emt 0:00:01]} Rc1 {[%emt 0:00:00]} 63. Rg3 {[%emt 0:00:09]} Rf1 {[%emt 0:00:00]} 64. Kh5 {[%emt 0:00:02]} Kd5 {[%emt 0:00:00]} 65. Rg5+ {[%emt 0:00:01]} Kc4 {[%emt 0:00:00]} 66. Kg6 {[%emt 0:00:01]} Kb5 {[%emt 0:00:00]} 67. Rf5 {[%emt 0:00:00]} Ka4 {[%emt 0:00:00]} 68. Rxf1 {[%emt 0:00:01]} Kb5 {[%emt 0:00:00]} 69. Kf6 {[%emt 0:00:00]} Kc4 {[%emt 0:00:00]} 70. Ke6 {[%emt 0:00:01]} Kb3 {[%emt 0:00:00]} 71. Kd6 {[%emt 0:00:01]} Ka4 {[%emt 0:00:00]} 72. Kxc6 {[%emt 0:00:00]} Ka3 {[%emt 0:00:00]} 73. Kb6 {[%emt 0:00:01]} Ka4 {[%emt 0:00:00]} 74. Kxa6 {[%emt 0:00:00]} Kb3 {[%emt 0:00:00]} 75. Kb6 {[%emt 0:00:00]} Ka4 {[%emt 0:00:00]} 76. a6 {[%emt 0:00:00]} Kb3 {[%emt 0:00:00]} 77. a7 {[%emt 0:00:00]} Kb2 {[%emt 0:00:00]} 78. a8=Q {[%emt 0:00:00]} Kc2 {[%emt 0:00:00]} 79. Rf2+ {[%emt 0:00:01]} Kd1 {[%emt 0:00:01]} 80. Qh1# {[%emt 0:00:01] (Lag: Av=0.82s, max=1.3s) (Lag: Av=0.82s, max=1.3s) (Lag: Av=0.82s, max=1.3s)} 1-0

[Event "Stay Safe Play From Home 378"]
[Site "Emanuel Lasker Arena"]
[Date "2020.08.12"]
[Round "5"]
[White "Ionelluca"]
[Black "Hickey"]
[Result "0-1"]
[WhiteElo "1944"]
[BlackElo "2047"]
[PlyCount "164"]
[EventDate "2020.08.12"]
[EventType "swiss (blitz)"]

1. e4 {[%emt 0:00:01]} c6 {[%emt 0:00:01]} 2. b3 {[%emt 0:00:05]} d5 {[%emt 0:00:00]} 3. Nc3 {[%emt 0:00:01]} dxe4 {[%emt 0:00:06]} 4. Nxe4 {[%emt 0:00:02]} Nf6 {[%emt 0:00:01]} 5. Nc3 {[%emt 0:00:01]} Bf5 {[%emt 0:00:02]} 6. Nf3 {[%emt 0:00:02]} e6 {[%emt 0:00:01]} 7. Be2 {[%emt 0:00:01]} Bd6 {[%emt 0:00:03]} 8. O-O {[%emt 0:00:02]} O-O {[%emt 0:00:01]} 9. Bb2 {[%emt 0:00:01]} Nbd7 {[%emt 0:00:01]} 10. d3 {[%emt 0:00:01]} Qc7 {[%emt 0:00:03]} 11. h3 {[%emt 0:00:02]} a5 {[%emt 0:00:14]} 12. Nh4 {[%emt 0:00:02]} Bg6 {[%emt 0:00:02]} 13. Nxg6 {[%emt 0:00:02]} hxg6 {[%emt 0:00:00]} 14. Ne4 {[%emt 0:00:02]} Be7 {[%emt 0:00:03]} 15. Bf3 {[%emt 0:00:03]} Rfd8 {[%emt 0:00:03]} 16. Qe2 {[%emt 0:00:02]} a4 {[%emt 0:00:09]} 17. Rfe1 {[%emt 0:00:02]} axb3 {[%emt 0:00:11]} 18. axb3 {[%emt 0:00:01]} Nxe4 {[%emt 0:00:12]} 19. dxe4 {[%emt 0:00:05]} Rxa1 {[%emt 0:00:13]} 20. Rxa1 {[%emt 0:00:04]} Bf6 {[%emt 0:00:01]} 21. c3 {[%emt 0:00:09]} Ne5 {[%emt 0:00:06]} 22. Rd1 {[%emt 0:00:04]} Rxd1+ {[%emt 0:00:32]} 23. Qxd1 {[%emt 0:00:03]} Nxf3+ {[%emt 0:00:03]} 24. Qxf3 {[%emt 0:00:02]} Qb6 {[%emt 0:00:01]} 25. b4 {[%emt 0:00:09]} Qb5 {[%emt 0:00:13]} 26. Qe3 {[%emt 0:00:09]} g5 {[%emt 0:00:09]} 27. Qd2 {[%emt 0:00:06]} Qc4 {[%emt 0:00:12]} 28. f3 {[%emt 0:00:10]} b5 {[%emt 0:00:05]} 29. Kf2 {[%emt 0:00:04]} Be7 {[%emt 0:00:18]} 30. g3 {[%emt 0:00:06]} f6 {[%emt 0:00:02]} 31. f4 {[%emt 0:00:04]} gxf4 {[%emt 0:00:03]} 32. gxf4 {[%emt 0:00:01]} Kf7 {[%emt 0:00:01]} 33. Kf3 {[%emt 0:00:01]} Qf1+ {[%emt 0:00:05]} 34. Kg3 {[%emt 0:00:10]} Qg1+ {[%emt 0:00:10]} 35. Qg2 {[%emt 0:00:04]} Qe3+ {[%emt 0:00:02]} 36. Qf3 {[%emt 0:00:03]} Qe1+ {[%emt 0:00:02]} 37. Kg2 {[%emt 0:00:02]} Qd2+ {[%emt 0:00:10]} 38. Qf2 {[%emt 0:00:01]} Qd3 {[%emt 0:00:01]} 39. e5 {[%emt 0:00:05]} Qe4+ {[%emt 0:00:04]} 40. Kh2 {[%emt 0:00:04]} Qf5 {[%emt 0:00:05]} 41. Kg2 {[%emt 0:00:05]} Kg6 {[%emt 0:00:04]} 42. Qg3+ {[%emt 0:00:02]} Kf7 {[%emt 0:00:01]} 43. Qf3 {[%emt 0:00:04]} Qc2+ {[%emt 0:00:03]} 44. Qf2 {[%emt 0:00:01]} Qe4+ {[%emt 0:00:03]} 45. Kh2 {[%emt 0:00:03]} Ke8 {[%emt 0:00:04]} 46. Qg3 {[%emt 0:00:11]} fxe5 {[%emt 0:00:03]} 47. fxe5 {[%emt 0:00:03]} Qe2+ {[%emt 0:00:02]} 48. Qg2 {[%emt 0:00:04]} Qxe5+ {[%emt 0:00:00]} 49. Kh1 {[%emt 0:00:01]} Bf6 {[%emt 0:00:01]} 50. Qxc6+ {[%emt 0:00:05]} Kf7 {[%emt 0:00:00]} 51. Qb7+ {[%emt 0:00:02]} Kg6 {[%emt 0:00:01]} 52. Qg2+ {[%emt 0:00:03]} Qg5 {[%emt 0:00:02]} 53. Qxg5+ {[%emt 0:00:01]} Kxg5 {[%emt 0:00:00]} 54. Kg2 {[%emt 0:00:01]} Kf4 {[%emt 0:00:00]} 55. Kf2 {[%emt 0:00:01]} Ke4 {[%emt 0:00:01]} 56. Ke2 {[%emt 0:00:01]} Be5 {[%emt 0:00:01]} 57. Kd2 {[%emt 0:00:01]} Bf4+ {[%emt 0:00:01]} 58. Ke2 {[%emt 0:00:02]} Be3 {[%emt 0:00:01]} 59. Ba3 {[%emt 0:00:02]} e5 {[%emt 0:00:01]} 60. Bb2 {[%emt 0:00:01]} Bf4 {[%emt 0:00:02]} 61. Ba3 {[%emt 0:00:03]} Kd5 {[%emt 0:00:01]} 62. Kf3 {[%emt 0:00:06]} Kc4 {[%emt 0:00:01]} 63. Bb2 {[%emt 0:00:04]} Kb3 {[%emt 0:00:01]} 64. Ba1 {[%emt 0:00:02]} Ka2 {[%emt 0:00:01]} 65. c4 {[%emt 0:00:01]} bxc4 {[%emt 0:00:03]} 66. b5 {[%emt 0:00:01]} Kxa1 {[%emt 0:00:03]} 67. b6 {[%emt 0:00:02]} Bh2 {[%emt 0:00:02]} 68. Ke4 {[%emt 0:00:02]} Bg1 {[%emt 0:00:00]} 69. b7 {[%emt 0:00:05]} Ba7 {[%emt 0:00:00]} 70. Kxe5 {[%emt 0:00:01]} Kb2 {[%emt 0:00:00]} 71. Kf5 {[%emt 0:00:02]} c3 {[%emt 0:00:00]} 72. Kg6 {[%emt 0:00:01]} c2 {[%emt 0:00:00]} 73. Kxg7 {[%emt 0:00:01]} c1=Q {[%emt 0:00:00]} 74. h4 {[%emt 0:00:01]} Qg1+ {[%emt 0:00:00]} 75. Kh6 {[%emt 0:00:02]} Qg4 {[%emt 0:00:00]} 76. h5 {[%emt 0:00:01]} Be3+ {[%emt 0:00:02]} 77. Kh7 {[%emt 0:00:01]} Qxh5+ {[%emt 0:00:01]} 78. Kg7 {[%emt 0:00:01]} Qh6+ {[%emt 0:00:00]} 79. Kf7 {[%emt 0:00:01]} Qh7+ {[%emt 0:00:00]} 80. Ke8 {[%emt 0:00:01]} Qxb7 {[%emt 0:00:00]} 81. Kd8 {[%emt 0:00:01]} Bc5 {[%emt 0:00:01]} 82. Ke8 {[%emt 0:00:01]} Qe7# {[%emt 0:00:00] (Lag: Av=0.67s, max=0.9s) (Lag: Av=0.67s, max=0.9s) (Lag: Av=0.67s, max=0.9s)} 0-1

[Event "Stay Safe Play From Home 378"]
[Site "Emanuel Lasker Arena"]
[Date "2020.08.12"]
[Round "5"]
[White "Lazieri3"]
[Black "Haris kollari 13"]
[Result "1-0"]
[WhiteElo "1944"]
[BlackElo "1883"]
[Annotator "NA"]
[PlyCount "165"]
[EventDate "2020.08.12"]
[EventType "swiss (blitz)"]

1. e4 {[%emt 0:00:13]} e5 {[%emt 0:00:08]} 2. Nc3 {[%emt 0:00:00]} b6 {[%emt 0:00:02]} 3. Nf3 {[%emt 0:00:02]} d6 {[%emt 0:00:02]} 4. d4 {[%emt 0:00:01]} exd4 {[%emt 0:00:02]} 5. Nxd4 {[%emt 0:00:01]} c5 {[%emt 0:00:01]} 6. Bb5+ {[%emt 0:00:07]} Bd7 {[%emt 0:00:01]} 7. Bxd7+ {[%emt 0:00:03]} Qxd7 {[%emt 0:00:01]} 8. Nf5 {[%emt 0:00:00]} g6 {[%emt 0:00:09]} 9. Ng3 {[%emt 0:00:01]} Bg7 {[%emt 0:00:01]} 10. Bd2 {[%emt 0:00:01]} Nc6 {[%emt 0:00:01]} 11. O-O {[%emt 0:00:01]} Nge7 {[%emt 0:00:01]} 12. Rb1 {[%emt 0:00:05]} O-O {[%emt 0:00:01]} 13. Qc1 {[%emt 0:00:03]} Rfd8 {[%emt 0:00:02]} 14. Bh6 {[%emt 0:00:01]} Bh8 {[%emt 0:00:05]} 15. Qd2 {[%emt 0:00:03]} Ne5 {[%emt 0:00:02]} 16. Nd5 {[%emt 0:00:01]} Nxd5 {[%emt 0:00:06]} 17. Qxd5 {[%emt 0:00:02]} Qc6 {[%emt 0:00:10]} 18. Qxc6 {[%emt 0:00:14]} Nxc6 {[%emt 0:00:02]} 19. c3 {[%emt 0:00:00]} Re8 {[%emt 0:00:10]} 20. Rbd1 {[%emt 0:00:05]} Re6 {[%emt 0:00:02]} 21. Rd2 {[%emt 0:00:04]} Rae8 {[%emt 0:00:16]} 22. Rfd1 {[%emt 0:00:03]} Rd8 {[%emt 0:00:02]} 23. Bg5 {[%emt 0:00:05]} f6 {[%emt 0:00:01]} 24. Bf4 {[%emt 0:00:03]} Ne5 {[%emt 0:00:01]} 25. Bxe5 {[%emt 0:00:02]} fxe5 {[%emt 0:00:01]} 26. f3 {[%emt 0:00:04]} Bf6 {[%emt 0:00:01]} 27. Ne2 {[%emt 0:00:03]} Bg5 {[%emt 0:00:02]} 28. Rd3 {[%emt 0:00:03]} Kf7 {[%emt 0:00:01]} 29. c4 {[%emt 0:00:03]} Ke7 {[%emt 0:00:02]} 30. Nc3 {[%emt 0:00:01]} Kd7 {[%emt 0:00:06]} 31. Nb5 {[%emt 0:00:05]} Be7 {[%emt 0:00:04]} 32. Nxa7 {[%emt 0:00:06]} Ra8 {[%emt 0:00:02]} 33. Ra3 {[%emt 0:00:01]} Ke8 {[%emt 0:00:22]} 34. Nb5 {[%emt 0:00:04]} Rxa3 {[%emt 0:00:02]} 35. Nxa3 {[%emt 0:00:00]} Kd7 {[%emt 0:00:01]} 36. Nb5 {[%emt 0:00:01]} Kc6 {[%emt 0:00:01]} 37. a4 {[%emt 0:00:06]} Rf6 {[%emt 0:00:02]} 38. Nc3 {[%emt 0:00:03]} Rf7 {[%emt 0:00:07]} 39. Nd5 {[%emt 0:00:01]} Bd8 {[%emt 0:00:01]} 40. Rd3 {[%emt 0:00:02]} Ra7 {[%emt 0:00:01]} 41. b3 {[%emt 0:00:01]} Rf7 {[%emt 0:00:04]} 42. g3 {[%emt 0:00:03]} h6 {[%emt 0:00:02]} 43. Kg2 {[%emt 0:00:01]} Ra7 {[%emt 0:00:01]} 44. f4 {[%emt 0:00:02]} exf4 {[%emt 0:00:01]} 45. gxf4 {[%emt 0:00:00]} Rf7 {[%emt 0:00:05]} 46. Kg3 {[%emt 0:00:01]} Rf8 {[%emt 0:00:07]} 47. Ne3 {[%emt 0:00:04]} Re8 {[%emt 0:00:03]} 48. Kf3 {[%emt 0:00:02]} Bf6 {[%emt 0:00:04]} 49. f5 {[%emt 0:00:04]} gxf5 {[%emt 0:00:07]} 50. Nxf5 {[%emt 0:00:04]} Be5 {[%emt 0:00:00]} 51. Nxh6 {[%emt 0:00:02]} Rf8+ {[%emt 0:00:03]} 52. Kg2 {[%emt 0:00:07]} Rf4 {[%emt 0:00:04]} 53. Re3 {[%emt 0:00:09]} Rh4 {[%emt 0:00:04]} 54. Nf5 {[%emt 0:00:04]} Rxh2+ {[%emt 0:00:03]} 55. Kf3 {[%emt 0:00:02]} Rh3+ {[%emt 0:00:02]} 56. Ke2 {[%emt 0:00:02]} Rh2+ {[%emt 0:00:01]} 57. Kd1 {[%emt 0:00:09]} Rb2 {[%emt 0:00:02]} 58. Ne7+ {[%emt 0:00:03]} Kb7 {[%emt 0:00:03]} 59. Nd5 {[%emt 0:00:01]} Ka6 {[%emt 0:00:02]} 60. Rh3 {[%emt 0:00:06]} Kb7 {[%emt 0:00:05]} 61. Rh7+ {[%emt 0:00:02]} Ka8 {[%emt 0:00:02]} 62. Nxb6+ {[%emt 0:00:03]} Kb8 {[%emt 0:00:03]} 63. Nd7+ {[%emt 0:00:04]} Kc8 {[%emt 0:00:01]} 64. Nxe5 {[%emt 0:00:08]} dxe5 {[%emt 0:00:01]} 65. Re7 {[%emt 0:00:04]} Rxb3 {[%emt 0:00:02]} 66. Rxe5 {[%emt 0:00:01]} Rb4 {[%emt 0:00:01]} 67. Rxc5+ {[%emt 0:00:01]} Kd7 {[%emt 0:00:00]} 68. Kd2 {[%emt 0:00:01]} Rxa4 {[%emt 0:00:02]} 69. Kd3 {[%emt 0:00:03]} Kd6 {[%emt 0:00:01]} 70. Rd5+ {[%emt 0:00:01]} Ke6 {[%emt 0:00:01]} 71. c5 {[%emt 0:00:05]} Rb4 {[%emt 0:00:06]} 72. c6 {[%emt 0:00:03]} Rb8 {[%emt 0:00:07]} 73. Kc4 {[%emt 0:00:02]} Ra8 {[%emt 0:00:05]} 74. Kb5 {[%emt 0:00:01]} Rb8+ {[%emt 0:00:02]} 75. Kc5 {[%emt 0:00:01]} Ra8 {[%emt 0:00:02]} 76. c7 {[%emt 0:00:02]} Ke7 {[%emt 0:00:06]} 77. Rd8 {[%emt 0:00:08]} Rxd8 {[%emt 0:00:05]} 78. cxd8=Q+ {[%emt 0:00:00]} Kxd8 {[%emt 0:00:00]} 79. Kd6 {[%emt 0:00:01]} Ke8 {[%emt 0:00:01]} 80. Ke6 {[%emt 0:00:01]} Kf8 {[%emt 0:00:01]} 81. Kd7 {[%emt 0:00:01]} Kf7 {[%emt 0:00:01]} 82. e5 {[%emt 0:00:00]} Kg6 {[%emt 0:00:01]} 83. e6 {[%emt 0:00:00] Haris kollari 13 resigns Haris kollari 13 resigns Haris kollari 13 resigns (Lag: Av=0.55s, max=1.1s) (Lag: Av=0.55s, max=1.1s) (Lag: Av=0.55s, max=1.1s)} 1-0

[Event "Stay Safe Play From Home 378"]
[Site "Emanuel Lasker Arena"]
[Date "2020.08.12"]
[Round "5"]
[White "Greblah"]
[Black "Dukic"]
[Result "0-1"]
[WhiteElo "1910"]
[BlackElo "1743"]
[PlyCount "60"]
[EventDate "2020.08.12"]
[EventType "swiss (blitz)"]

1. e4 {[%emt 0:00:01]} c5 {[%emt 0:00:03]} 2. Nc3 {[%emt 0:00:02]} e6 {[%emt 0:00:01]} 3. g3 {[%emt 0:00:02]} a6 {[%emt 0:00:01]} 4. Bg2 {[%emt 0:00:01]} b5 {[%emt 0:00:01]} 5. e5 {[%emt 0:00:14]} Nc6 {[%emt 0:00:02]} 6. f4 {[%emt 0:00:07]} Bb7 {[%emt 0:00:01]} 7. Ne4 {[%emt 0:00:05]} f6 {[%emt 0:00:09]} 8. exf6 {[%emt 0:00:05]} Nxf6 {[%emt 0:00:02]} 9. Ne2 {[%emt 0:00:15]} Nxe4 {[%emt 0:00:16]} 10. Bxe4 {[%emt 0:00:01]} Qb6 {[%emt 0:00:11]} 11. d3 {[%emt 0:00:16]} Be7 {[%emt 0:00:04]} 12. Be3 {[%emt 0:00:13]} Bf6 {[%emt 0:00:08]} 13. c3 {[%emt 0:00:07]} d5 {[%emt 0:00:03]} 14. Bg2 {[%emt 0:00:03]} d4 {[%emt 0:00:01]} 15. Bf2 {[%emt 0:00:07]} O-O {[%emt 0:00:06]} 16. O-O {[%emt 0:00:03]} Rae8 {[%emt 0:00:02]} 17. Qb3 {[%emt 0:00:15]} Kh8 {[%emt 0:00:06]} 18. cxd4 {[%emt 0:00:13]} cxd4 {[%emt 0:00:38]} 19. Rac1 {[%emt 0:00:45]} e5 {[%emt 0:00:19]} 20. fxe5 {[%emt 0:00:09]} Nxe5 {[%emt 0:00:05]} 21. Rfe1 {[%emt 0:00:42]} Bxg2 {[%emt 0:00:07]} 22. Kxg2 {[%emt 0:00:01]} Qb7+ {[%emt 0:00:01]} 23. Kh3 {[%emt 0:00:06]} Nf3 {[%emt 0:00:05]} 24. Rf1 {[%emt 0:00:31]} Ng5+ {[%emt 0:00:04]} 25. Kg4 {[%emt 0:00:03]} Qf3+ {[%emt 0:00:02]} 26. Kh4 {[%emt 0:00:06]} Rxe2 {[%emt 0:00:32]} 27. Qb4 {[%emt 0:00:12]} Be7 {[%emt 0:00:11]} 28. Qxd4 {[%emt 0:00:03]} Ne6+ {[%emt 0:00:06]} 29. Kh3 {[%emt 0:00:01]} Nxd4 {[%emt 0:00:05]} 30. Bxd4 {[%emt 0:00:01]} Qh5# {[%emt 0:00:03] (Lag: Av=0.34s, max=0.8s) (Lag: Av=0.34s, max=0.8s) (Lag: Av=0.34s, max=0.8s)} 0-1

[Event "Stay Safe Play From Home 378"]
[Site "Emanuel Lasker Arena"]
[Date "2020.08.12"]
[Round "5"]
[White "buzaglo"]
[Black "CabianoFaruana"]
[Result "0-1"]
[WhiteElo "1767"]
[BlackElo "1910"]
[PlyCount "92"]
[EventDate "2020.08.12"]
[EventType "swiss (blitz)"]

1. d4 {[%emt 0:00:02]} d5 {[%emt 0:00:01]} 2. Nf3 {[%emt 0:00:01]} c6 {[%emt 0:00:00]} 3. g3 {[%emt 0:00:01]} Nf6 {[%emt 0:00:02]} 4. Bg2 {[%emt 0:00:01]} e6 {[%emt 0:00:01]} 5. O-O {[%emt 0:00:01]} Bd6 {[%emt 0:00:01]} 6. Nbd2 {[%emt 0:00:01]} O-O {[%emt 0:00:00]} 7. c3 {[%emt 0:00:01]} Nbd7 {[%emt 0:00:04]} 8. Re1 {[%emt 0:00:01]} Qe7 {[%emt 0:00:01]} 9. e4 {[%emt 0:00:01]} dxe4 {[%emt 0:00:01]} 10. Nxe4 {[%emt 0:00:00]} Nxe4 {[%emt 0:00:00]} 11. Rxe4 {[%emt 0:00:00]} Nf6 {[%emt 0:00:01]} 12. Re1 {[%emt 0:00:00]} c5 {[%emt 0:00:01]} 13. Bg5 {[%emt 0:00:04]} Rb8 {[%emt 0:00:05]} 14. Qa4 {[%emt 0:00:07]} a6 {[%emt 0:00:16]} 15. d5 {[%emt 0:00:05]} b5 {[%emt 0:00:04]} 16. Qd1 {[%emt 0:00:06]} h6 {[%emt 0:00:03]} 17. Bxf6 {[%emt 0:00:10]} gxf6 {[%emt 0:00:17]} 18. Qd2 {[%emt 0:00:17]} Kg7 {[%emt 0:00:07]} 19. Nh4 {[%emt 0:00:07]} e5 {[%emt 0:00:13]} 20. Be4 {[%emt 0:00:10]} Rh8 {[%emt 0:00:17]} 21. Bf5 {[%emt 0:00:07]} Kf8 {[%emt 0:00:03]} 22. Bxc8 {[%emt 0:00:05]} Rxc8 {[%emt 0:00:00]} 23. Nf5 {[%emt 0:00:01]} Qd7 {[%emt 0:00:03]} 24. Nxd6 {[%emt 0:00:23]} Qxd6 {[%emt 0:00:00]} 25. Rad1 {[%emt 0:00:12]} c4 {[%emt 0:00:02]} 26. Qe3 {[%emt 0:00:06]} Rc5 {[%emt 0:00:02]} 27. Qe4 {[%emt 0:00:06]} h5 {[%emt 0:00:12]} 28. h4 {[%emt 0:00:03]} Ke7 {[%emt 0:00:21]} 29. Re2 {[%emt 0:00:13]} Rh6 {[%emt 0:00:20]} 30. Red2 {[%emt 0:00:17]} Rh8 {[%emt 0:00:43]} 31. Kg2 {[%emt 0:00:09]} Rd8 {[%emt 0:00:03]} 32. f4 {[%emt 0:00:12]} Rg8 {[%emt 0:00:10]} 33. f5 {[%emt 0:00:14]} Rg4 {[%emt 0:00:03]} 34. Qe3 {[%emt 0:00:08]} Kd7 {[%emt 0:00:15]} 35. Qh6 {[%emt 0:00:12]} e4 {[%emt 0:00:01]} 36. Qe3 {[%emt 0:00:11]} Rc8 {[%emt 0:00:05]} 37. Rf2 {[%emt 0:00:04]} Rcg8 {[%emt 0:00:03]} 38. Qa7+ {[%emt 0:00:08]} Ke8 {[%emt 0:00:09]} 39. Qa8+ {[%emt 0:00:02]} Ke7 {[%emt 0:00:01]} 40. Qb7+ {[%emt 0:00:01]} Kf8 {[%emt 0:00:01]} 41. Qc8+ {[%emt 0:00:02]} Kg7 {[%emt 0:00:01]} 42. Kf1 {[%emt 0:00:02]} e3 {[%emt 0:00:08]} 43. Qxg8+ {[%emt 0:00:17]} Kxg8 {[%emt 0:00:01]} 44. Rf3 {[%emt 0:00:03]} Rxg3 {[%emt 0:00:01]} 45. Ke2 {[%emt 0:00:02]} Rg2+ {[%emt 0:00:04]} 46. Kxe3 {[%emt 0:00:01]} Qe5# {[%emt 0:00:01] (Lag: Av=0.75s, max=1.3s) (Lag: Av=0.75s, max=1.3s) (Lag: Av=0.75s, max=1.3s)} 0-1